Prístupy k problematike konkurencieschopnosti
Dôležitým faktorom rastu konkurencieschopnosti podniku je zabezpečenie zdokonaľovania súčasnej produkcie, zvyšovanie úžitkovej hodnoty, funkčnosti a zjednodušovania ovládateľnosti pri súčasnom znižovaní výrobných nákladov. Vzrast váhy investícií do výskumu a vývoja. Konkurencieschopnosť podnikov je...
Uložené v:
| Hlavný autor: | |
|---|---|
| Médium: | Kapitola |
| Jazyk: | Slovak |
| Predmet: | |
| Tagy: |
Žiadne tagy, Buďte prvý, kto otaguje tento záznam!
|
MARC
| LEADER | 00000naa$a2200000$$$4500 | ||
|---|---|---|---|
| 001 | 0093349 | ||
| 005 | 20240502072036.0 | ||
| 041 | 0 | |a slo | |
| 044 | |a SK | ||
| 245 | 1 | 0 | |a Prístupy k problematike konkurencieschopnosti |c Jana Kováčová |
| 520 | |a Dôležitým faktorom rastu konkurencieschopnosti podniku je zabezpečenie zdokonaľovania súčasnej produkcie, zvyšovanie úžitkovej hodnoty, funkčnosti a zjednodušovania ovládateľnosti pri súčasnom znižovaní výrobných nákladov. Vzrast váhy investícií do výskumu a vývoja. Konkurencieschopnosť podnikov je závislá na kvalite ich manažmentu. Pod kvalitou manažmentu je chápaný profesionálny výkon manažérskych funkcií. | ||
| 610 | 2 | 0 | |a podnik |
| 610 | 2 | 0 | |a konkurencieschopnosť |
| 610 | 2 | 0 | |a definície |
| 610 | 2 | 0 | |a manažment |
| 610 | 2 | 0 | |a kvalita |
| 100 | 1 | |a Kováčová, Jana | |